[Event "AUTO-INT-2655"]
[Site "http://www.queenalice.com/game.php?id=1189614"]
[Date "2013.6.10"]
[Round "1"]
[White "saraquette"]
[Black "elson09"]
[Result "1-0"]
[WhiteElo "1675"]
[BlackElo "1290"]

1. d4 d5 2. Bf4 Nc6 3. e3 Nf6 4. a3 Bg4 5. Be2 h6 6. Bxg4 g5 7. Bg3 h5 8. Bf5 h4
9. Be5 Nxe5 10. dxe5 Ne4 11. Qf3 e6 12. Bxe4 dxe4 13. Qxe4 Qd5 14. Qxd5 exd5 15.
Nc3 O-O-O 16. O-O-O g4 17. Nxd5 g3 18. Nh3 Rh5 19. Ndf4 Rxe5 20. Rxd8+ Kxd8 21.
Kd2 Rb5 22. b4 1-0

[Event "AUTO-INT-2655"]
[Site "http://www.queenalice.com/game.php?id=1189629"]
[Date "2013.6.10"]
[Round "1"]
[White "saraquette"]
[Black "sioux"]
[Result "0-1"]
[WhiteElo "1609"]
[BlackElo "1540"]

1. d4 d5 2. Bf4 Nc6 3. e3 Nf6 4. c4 dxc4 5. Bxc4 e6 6. a3 g6 7. Nc3 Bg7 8. Nb5
O-O 9. Nxc7 Rb8 10. Qa4 a6 11. Nxa6 Ra8 12. Bc7 Rxa6 13. Bxd8 Rxa4 14. Bxf6 Bxf6
15. b3 Ra7 16. Nf3 Be7 17. O-O Bxa3 18. Rfd1 Nb4 19. Rd2 Bd7 20. Ne5 Rd8 21. Nd3
Rda8 22. Nxb4 Bxb4 23. Rxa7 Rxa7 24. Rd1 b5 25. Bd3 Ra3 26. Bc2 h5 27. h3 f5 28.
f3 Bc6 29. e4 Ra2 30. Bd3 Rb2 31. exf5 exf5 32. Rb1 Rxb1+ 33. Bxb1 Bd5 34. Bd3
Bxb3 35. Bxb5 Bc3 36. Kf2 Bxd4+ 37. Ke2 Kg7 38. Kd3 Bb6 39. Kc3 Bd1 40. Kd2 Bb3
41. Bd3 Ba5+ 42. Ke2 Kf6 43. f4 Bd5 44. Kf2 Bb6+ 45. Kg3 g5 46. fxg5+ Kxg5 47.
h4+ Kg6 0-1

[Event "AUTO-INT-2655"]
[Site "http://www.queenalice.com/game.php?id=1189630"]
[Date "2013.6.10"]
[Round "1"]
[White "sioux"]
[Black "saraquette"]
[Result "0-1"]
[WhiteElo "1577"]
[BlackElo "1609"]

1. e4 c5 2. Qh5 e6 3. Bc4 Nf6 4. Qd1 Nxe4 5. d3 Nd6 6. Bb3 b5 7. Nf3 h6 8. Bf4
Qf6 9. Bxd6 Bxd6 10. c4 Qxb2 11. Nbd2 bxc4 12. Nxc4 Qc3+ 13. Kf1 O-O 14. Nxd6
Ba6 15. Qe2 Bxd3 16. Nb5 Bxe2+ 17. Kxe2 Qb2+ 18. Nd2 Qe5+ 19. Kf1 Qxa1+ 20. Ke2
Qxh1 21. Nc7 Qxg2 22. Nxa8 Qxa8 23. f3 d5 0-1

[Event "AUTO-INT-2655"]
[Site "http://www.queenalice.com/game.php?id=1189631"]
[Date "2013.6.10"]
[Round "1"]
[White "saraquette"]
[Black "Mikalus"]
[Result "1-0"]
[WhiteElo "1653"]
[BlackElo "1801"]

1. d4 d5 2. Bf4 e6 3. e3 Nc6 4. a3 Nf6 5. c4 dxc4 6. Bxc4 Be7 7. Nc3 a6 8. b4 b5
9. Bd3 Nd5 10. Nxd5 exd5 11. Qc2 Bd7 12. Bxh7 Bd6 13. Bxd6 cxd6 14. Bf5 Rc8 15.
Qd3 O-O 16. Nf3 Ne7 17. Bxd7 Qxd7 18. O-O Ng6 19. Qb3 Rc4 20. Nd2 Rc6 21. Qxd5
Ne7 22. Qh5 Rfc8 23. Ne4 Qe6 24. Ng3 d5 25. Rfe1 Kf8 26. Qh8+ Ng8 27. Qh5 Rc2
28. Qd1 Rb2 29. Re2 Rxe2 30. Nxe2 Nf6 31. Nf4 Qf5 32. h3 Ke7 33. a4 Rh8 34. axb5
axb5 35. Ra6 Nh5 36. Qd3 1-0

[Event "AUTO-INT-2655"]
[Site "http://www.queenalice.com/game.php?id=1189632"]
[Date "2013.6.10"]
[Round "1"]
[White "Mikalus"]
[Black "saraquette"]
[Result "0-1"]
[WhiteElo "1784"]
[BlackElo "1624"]

1. e4 c5 2. Nf3 Nc6 3. Bc4 e6 4. d4 cxd4 5. Nxd4 Ne5 6. Bb3 Nf6 7. Bg5 Be7 8.
Nc3 a6 9. O-O O-O 10. f4 Nc6 11. e5 Ne8 12. Nxc6 bxc6 13. Qg4 f5 14. Qg3 Bxg5
15. fxg5 g6 16. Rad1 Nc7 17. Na4 Nd5 18. a3 Qa5 19. h4 f4 20. Qg4 Ne3 21. Qe2
Nxd1 22. Rxd1 Rf5 23. Nc3 Rxe5 24. Qf3 Rf5 25. Kh2 Ra7 26. Ne4 Qe5 27. Bc4 d5
0-1

[Event "Challenge"]
[Site "http://www.queenalice.com/game.php?id=1193872"]
[Date "2013.6.25"]
[Round "-"]
[White "saraquette"]
[Black "Excsiu"]
[Result "0-1"]
[WhiteElo "1674"]
[BlackElo "1659"]

1. d4 d5 2. Bf4 Nc6 3. e3 Nh6 4. c4 e6 5. a3 g5 6. Bg3 f5 7. Nc3 Bg7 8. Nb5 e5
9. Be2 f4 10. Bh5+ Nf7 11. Bxf7+ Kxf7 12. Qh5+ Kg8 13. exf4 exf4 14. Bxf4 gxf4
15. Ne2 Qe7 16. O-O Qe4 17. Nxc7 Rb8 18. Qxd5+ Qxd5 19. Nxd5 f3 20. Nef4 Bxd4
21. Rab1 Bf5 22. Rbe1 Be5 23. Ne7+ Nxe7 24. Rxe5 Kf7 25. Rfe1 Rbe8 26. Nd5 Rhg8
27. Rxe7+ Rxe7 28. Nxe7 Re8 29. h3 Bd3 30. b3 Bf5 31. Re5 Be6 0-1

[Event "Challenge"]
[Site "http://www.queenalice.com/game.php?id=1204603"]
[Date "2013.8.2"]
[Round "-"]
[White "Football_rules"]
[Black "saraquette"]
[Result "0-1"]
[WhiteElo "1634"]
[BlackElo "1677"]

1. e4 e5 2. Nf3 Bc5 3. Nxe5 d6 4. Bc4 Be6 5. Bxe6 dxe5 6. Qh5 Qf6 7. Bc4 Qxf2+
8. Kd1 Nh6 9. Rf1 Qxg2 10. Bxf7+ Kd8 11. Bc4 Nd7 12. d3 Qxf1+ 13. Kd2 Qf6 14.
Nc3 Qf2+ 15. Ne2 Be3+ 16. Kc3 Qe1+ 17. Kb3 Nc5+ 18. Ka3 Qa5# 0-1